Existuje reálna možnosť ubrániť svetový mier Interview Vadima Zagladina Československej televízii

Bibliographic Details
Main Author: Zagladin, Vadim Valentinovič, 1927-2006 (Author)
Format: Article
Language:Slovak
Subjects:

MARC

LEADER 00000nab a2200000 a 4500
001 vtls000092925
003 SK-MaSNL
005 20260304052120.0
008 111103c1981 xo 0 slo
015 |a SNBRB19rr/mm-uuuuu 
035 |a CL0103028 
040 |a SNKBUCL  |b slo  |c SNKBUCL  |e AACR2 
041 0 |a slo 
044 |a xo  |c SK 
080 |a 327.5  |2 1981 
100 1 |a Zagladin, Vadim Valentinovič,  |d 1927-2006  |4 aut  |9 122288 
245 1 0 |a Existuje reálna možnosť ubrániť svetový mier  |b Interview Vadima Zagladina Československej televízii  |c Vadim Zagladin 
650 0 7 |a zbrojenie  |2 snkbucl  |9 58533 
650 0 7 |a zbrane neutrónové  |2 snkbucl  |9 1335043 
651 7 |a Spojené štáty americké  |2 snkbucl  |9 18262 
655 7 |a články z novín a časopisov  |2 snkbucl  |9 267496 
773 0 |t Pravda  |g Roč. 62, č. 190 (13. 8. 1981), s. 1-2 
850 |a Slovenská národná knižnica v Martine  |a MTA001 
852 |a SNK  |b KIS3GCP 
958 |a RK 
992 |a RBX 
999 |c 2706521  |d 2708451